| 000 | 00850nmc a2200313 a 4500 | ||
|---|---|---|---|
| 003 | AR-BaBNM | ||
| 005 | 20251128210519.0 | ||
| 008 | 230020s1984 ||||||||||||||000 | spa|| | ||
| 020 | _a950-560-011-9 | ||
| 040 | _cAR-BaBNM | ||
| 245 | 1 | 0 | _aLos indios y la antropología en América Latina |
| 260 |
_aBuenos Aires _bEdiciones Búsqueda _c1984 |
||
| 300 | _a205 p. | ||
| 490 | 0 | _aDesde sudamérica | |
| 650 | 4 | _aABORIGENES ARGENTINOS | |
| 650 | 4 | _aANTROPOLOGIA CULTURAL Y SOCIAL | |
| 650 | 4 | _aANTROPOLOGIA | |
| 650 | 4 | _aGRUPOS ETNICOS | |
| 650 | 4 | _aIDENTIDAD NACIONAL | |
| 650 | 4 | _aIDEOLOGIAS | |
| 651 | 4 | _aMéxico | |
| 651 | 4 | _aBrasil | |
| 651 | 4 | _aAmérica Latina | |
| 653 | _aINDIGENISMO | ||
| 700 | 1 |
_aJunqueira, Carmen _ecoordinador |
|
| 700 | 1 |
_aCarvalho, Edgard de Assis _ecoordinador |
|
| 942 | _cBK | ||
| 998 | _cMariana | ||
| 999 |
_c15760 _d15760 |
||